Islamic designs
Kaydedildi:
| Materyal Türü: | Kitap |
|---|---|
| Dil: | İngilizce İtalyanca Almanca Çince Fransızca |
| Baskı/Yayın Bilgisi: |
Amsterdam
The Pepin Press
2009
|
| Konular: | |
| Etiketler: |
Etiketle
Etiket eklenmemiş, İlk siz ekleyin!
|
MARC
| LEADER | 00000cam a2200000 a 4500 | ||
|---|---|---|---|
| 001 | UCF2956 | ||
| 003 | CL-VaPUC | ||
| 008 | 120914e20090000NE |||||||||||||||||eng|d | ||
| 020 | |a 9789057681219 | ||
| 041 | 0 | 7 | |a eng |2 CL-VaPUC |
| 041 | 0 | 7 | |a ita |2 CL-VaPUC |
| 041 | 0 | 7 | |a ger |2 CL-VaPUC |
| 041 | 0 | 7 | |a chi |2 CL-VaPUC |
| 041 | 0 | 7 | |a fre |2 CL-VaPUC |
| 082 | 0 | 4 | |a 745.44917671 |b ISL |2 21 |
| 245 | 1 | 0 | |a Islamic designs |
| 246 | 1 | 0 | |a Islamische Designs |
| 246 | 1 | 0 | |a Motifs islamiques |
| 246 | 1 | 0 | |a Disegni islamici |
| 246 | 1 | 0 | |a Motivos islámicos |
| 246 | 1 | 0 | |a Desenhos islamicos |
| 300 | |a 143 p | ||
| 942 | |c BK | ||
| 945 | |d 20120914 00:00:00 |a cmena | ||
| 260 | |a Amsterdam |b The Pepin Press |c 2009 | ||
| 500 | |a Incluye CD | ||
| 650 | 0 | |a Arte islámico (musulmán) |9 314239 | |
| 650 | 0 | |a Diseño artístico |9 330956 | |
| 650 | 7 | |a DECORACION Y ORNAMENTACION |2 CL-VaPUC |9 266869 | |
| 583 | |a last modification |c 20120914 00:13:00 |k Rodrigo Vera | ||
| 999 | |c 349494 |d 349492 | ||
| 952 | |0 0 |1 0 |4 0 |6 745_449176710000000_ISL_2009 |7 0 |8 A |9 452120 |a BIBGIM |b BIBGIM |d 2019-11-22 |i 4910036 |o 745.44917671 ISL 2009 |p 4910036 |r 2025-01-15 |w 2019-11-22 |y BK |k ARA | ||